| 000 | 00491nam a2200193Ia 4500 | ||
|---|---|---|---|
| 008 | 101110s9999 xx 000 0 und d | ||
| 041 | _aENGLISH | ||
| 082 | _bSR15454 | ||
| 100 | _aSaxsena S.C. | ||
| 245 | _aBusiness administration and Management | ||
| 365 | _b35 | ||
| 520 | _aCommerce | ||
| 546 | _aENGLISH | ||
| 630 | _aBusiness administration and Management | ||
| 650 | _aCommerce | ||
| 655 | _aCommerce | ||
| 730 | _aBusiness administration and Management | ||
| 942 | _cBOOK | ||
| 999 |
_c809395 _d809392 |
||